[Event "AUS-ch Major"]
[Site "Sydney"]
[Date "2020.01.03"]
[Round "2"]
[White "Mann, Anthony"]
[Black "Badrinarayan, Sankeertan"]
[Result "1-0"]
[WhiteElo "1647"]
[BlackElo "1882"]
[PlyCount "91"]
[EventDate "2020.01.02"]
[EventType "swiss"]
[EventRounds "11"]
[EventCountry "AUS"]
[SourceTitle "CBM 195 Extra"]
[Source "ChessBase"]
[SourceDate "2020.05.31"]
[SourceVersion "1"]
[SourceVersionDate "2020.05.31"]
[SourceQuality "1"]

1. d4 Nf6 2. c4 g6 3. Nc3 Bg7 4. e4 d6 5. Nf3 0-0 6. Be2 e5 7. 0-0 Nc6 8. d5 Ne7 9. b4 a5 10. Ba3 axb4 11. Bxb4 Nd7 12. Ne1 f5 13. f3 f4 14. Nd3 b6 15. a4 Nf6 16. Nb5 Ne8 17. Nb2 g5 18. a5 bxa5 19. Bxa5 Ng6 20. c5 Qe7 21. cxd6 cxd6 22. Bb4 Rb8 23. Ra7 Qd8 24. Ba5 Qf6 25. Qc2 g4 26. fxg4 Bxg4 27. Nxd6 Qxd6 28. Bxg4 Qa3 29. Bb6 Qb4 30. Bc5 Qxb2 31. Qxb2 Rxb2 32. Bxf8 Bxf8 33. Rc1 Nd6 34. Be6+ Kh8 35. Bf5 f3 36. gxf3 Nxf5 37. exf5 Nh4 38. Rc8 Rg2+ 39. Kf1 Rg8 40. Raa8 Kg7 41. d6 Bxd6 42. Rxg8+ Kf7 43. Rgd8 Nxf5 44. Rd7+ Be7 45. Rb7 h6 46. Ke2 1-0